000 00971nam a22002531u 4500
001 05335
003 HDC
007 cr bn ---aaaaa
008 210119p2008 | d 00 engg
040 _aHDC
100 _aFernando, Yudi
_eauthor
_95561
245 0 _aLocation, Star Rating And Internatonal Chain Ssociated With The Hoteliers Intention For Not Applying The Halal Logo Certification / by
_cYudi Fernando, Suhaiza Zailani and Aznan Mohamed
260 _a[no place] :
_b[publisher not identified],
_c2008
300 _a 1 online resource (8 pages)
336 _atext
_2rdacontent
337 _acomputer
_2rdamedia
338 _aonline resource
_2rdacarrier
650 _aHalal brand
_9519
650 _aHalal standard
_91151
856 _zRequest full-text at [email protected]
942 _2lcc
942 _cAR
942 _kJART 001362
999 _c2659
_d2659